| 000 | 00475nam a2200145Ia 4500 | ||
|---|---|---|---|
| 008 | 140724s9999 xx 000 0 und d | ||
| 050 |
_aT 58.4 _b.Sa115 2012 |
||
| 100 | _aSaberon, Mark Ian B. | ||
| 245 |
_aPayroll System for BJ Marthel / _cMark Ian B. Saberon. |
||
| 260 |
_aLas PiƱas, Philippines : _bSouthville International School and Colleges, _cc2012. |
||
| 300 |
_a79 p. : _bcol. Ill. ; _c28 cm. |
||
| 521 | _aInformation Technology | ||
| 942 | _cTH | ||
| 999 |
_c229116 _d229116 |
||